Statistics for every 1989 song

Click here to take the quiz!

General Stats

  • This quiz has been taken 13 times
  • The average score is 12 of 16

Answer Stats

1989 songs% Correct
Blank Space
100%
Shake It Off
100%
Clean
86%
I Wish You Would
86%
Style
86%
Welcome to New York
86%
All You Had to Do Was Stay
71%
Bad Blood
71%
How You Get The Girl
71%
I Know Places
71%
New Romantics
71%
Out Of The Woods
71%
This Love
71%
Wonderland
71%
Wildest Dreams
57%
You Are in Love
57%

Score Distribution

Percentile by Number Answered

Percent of People with Each Score

Your Score History

You have not taken this quiz